| 000 | 00410nam a22001697a 4500 | ||
|---|---|---|---|
| 005 | 20180606125436.0 | ||
| 008 | 160614b xxu||||| |||| 00| 0 eng d | ||
| 020 | _a0-07-059827-4 | ||
| 041 | _aeng | ||
| 082 |
_b7559 _a650.1 |
||
| 100 |
_aAbrams, Jay B _91921 |
||
| 245 | _aHow to value your business and increase its potential | ||
| 260 | _bTMH | ||
| 300 | _a296 | ||
| 650 |
_aManagement _9241 |
||
| 942 | _cBK | ||
| 999 |
_c2700 _d2699 |
||